Statistiques concernant Frontières de la Roumanie

Cliquez ici pour prendre le quiz!

Statistiques générales

  • Ce quiz a été pris 169 fois
  • Le résultat moyen est 5 sur 5

Statistiques - réponses

Pays% Correct
Bulgarie
97%
Ukraine
97%
Hongrie
95%
Moldavie
95%
Serbie
93%

Distribution des résultats

Percentile par nombre de réponses

% des personnes avec chaque résultat

Votre développement - résultats

Vous n’avez pas pris ce quiz